书目信息 |
| 题名: |
雷雨
|
|
| 作者: | 曹禺 著 | |
| 分册: | ||
| 出版信息: | 北京 台海出版社 1998 |
|
| 页数: | 348页 | |
| 开本: | 20cm | |
| 丛书名: | 现代名家名作欣赏 | |
| 单 册: | ||
| 中图分类: | I234.6 , I216.1 | |
| 科图分类: | ||
| 主题词: | 话剧--剧本--中国--现代--选集 , 话剧 , 文学--作品集--中国 | |
| 电子资源: | ||
| ISBN: | 7-80141-040-8 | |
| 000 | 00754oam2 2200277 450 | |
| 001 | 1536469486 | |
| 005 | 20150127100843.79 | |
| 010 | @a7-80141-040-8@dCNY15.80 | |
| 100 | @a19991119d1998 em y0chiy0110 ea | |
| 101 | 0 | @achi |
| 102 | @aCN@b110000 | |
| 105 | @af z 000bd | |
| 200 | 1 | @a雷雨@Ayuan ye@Alei yu@a原野@f曹禺著 |
| 210 | @a北京@c台海出版社@d1998 | |
| 215 | @a348页@c照片@d20cm | |
| 225 | 2 | @a现代名家名作欣赏@h第一辑 |
| 461 | 0 | @12001 @a现代名家名作欣赏 |
| 517 | 1 | @a原野@Ayuan ye |
| 606 | 0 | @a话剧@x剧本@y中国@z现代@x选集 |
| 606 | 0 | @a话剧 |
| 606 | 0 | @a文学@x作品集@x中国 |
| 690 | @aI234.6@v3 | |
| 690 | @aI216.1@v4 | |
| 701 | 0 | @a曹禺@Acao yu@f(1910~1996)@4著 |
| 801 | 0 | @aCN@bNLC@c20101222 |
| 905 | @aZUCC@dI216.1@eJY195 | |
| 雷雨;原野/曹禺著.-北京:台海出版社,1998 |
| 348页:照片;20cm.-(现代名家名作欣赏.第一辑) |
| ISBN 7-80141-040-8:CNY15.80 |
| ● |
| 相关链接 |
|
|
|
|
正题名:雷雨
索取号:I216.1/JY195
 
预约/预借
| 序号 | 登录号 | 条形码 | 馆藏地/架位号 | 状态 | 备注 |
| 1 | 7838311 | 278383116 | 学院路分馆/ [索取号:I216.1/JY195] | 在馆 |